California Comedy Shows Quiz Stats

 Plays Quiz Updated May 25, 2016

Also try: TV Shows By State
Challenge
Share
Tweet
Score 0/20 Timer 06:00
0 Plays Today
% Correct
The Big Bang Theory
97.7%
Two and a Half Men
97%
The Fresh Prince of Bel-Air
96.8%
ALF
90.8%
Modern Family
89.4%
Full House
85.5%
Saved by the Bell
84.7%
Hannah Montana
73.5%
Doogie Howser, M.D.
70%
Three's Company
69.9%
% Correct
The Beverly Hillbillies
69.5%
Blossom
66.7%
That's So Raven
66%
Curb Your Enthusiasm
64.3%
Dharma & Greg
60.9%
Weeds
56.2%
Crazy Ex-Girlfriend
47.9%
Silicon Valley
42.7%
BoJack Horseman
39.7%
The Last Man on Earth
38.2%

You're not logged in!

Compare scores with friends on all Sporcle quizzes.
OR
Log In

You Might Also Like...

Show Comments

Extras

Top Quizzes Today


Score Distribution

Your Account Isn't Verified!

In order to create a playlist on Sporcle, you need to verify the email address you used during registration. Go to your Sporcle Settings to finish the process.

Report this User

Report this user for behavior that violates our Community Guidelines.

Details: